Bồi dưỡng Hán ngữ hiện đại : Luyện đọc : Kèm băng cassette
Đã lưu trong:
| 企業作者: | |
|---|---|
| 格式: | 圖書 |
| 語言: | Undetermined |
| 出版: |
Hà Nội
Văn hóa Thong tin
2004
|
| 主題: | |
| 標簽: |
添加標簽
沒有標簽, 成為第一個標記此記錄!
|
| Thư viện lưu trữ: | Trung tâm Học liệu Trường Đại học Cần Thơ |
|---|
| LEADER | 00741nam a2200217Ia 4500 | ||
|---|---|---|---|
| 001 | CTU_87122 | ||
| 008 | 210402s9999 xx 000 0 und d | ||
| 020 | |c 30000 | ||
| 082 | |a 495.107 | ||
| 082 | |b Đ103 | ||
| 110 | |a Đại học Ngôn ngữ Văn hóa Bắc Kinh | ||
| 245 | 0 | |a Bồi dưỡng Hán ngữ hiện đại : | |
| 245 | 0 | |b Luyện đọc : Kèm băng cassette | |
| 245 | 0 | |c Đại học Ngôn ngữ Văn hóa Bắc Kinh ; Nguyễn Hữu Trí (dịch) | |
| 260 | |a Hà Nội | ||
| 260 | |b Văn hóa Thong tin | ||
| 260 | |c 2004 | ||
| 650 | |a Chinese language | ||
| 650 | |x Study and teaching | ||
| 904 | |i Truc, Huỳnh Mai | ||
| 980 | |a Trung tâm Học liệu Trường Đại học Cần Thơ | ||